Sports Quiz

Random Sports or NHL Quiz

Name the 1992 NHL champions, Pittsburgh Penguins Quiz Stats

 Plays Quiz not verified by Sporcle

Score 0/25 Timer 05:00
0 Plays Today
Stats Last name % Correct
15-16-18-34Mario Lemieux
100%
21-11-13-24Jaromir Jagr
97.8%
21-8-19-27Ron Francis
96.1%
21-13-15-28Kevin Stevens
95.6%
21-0-2-2Tom Barrasso
90%
21-6-10-16Larry Murphy
88.3%
15-0-3-3Kjell Samuelsson
87.8%
21-0-2-2Ulf Samuelsson
87.8%
14-6-13-19Rick Tocchet
85.6%
9-3-1-4Joe Mullen
73.9%
21-4-3-7Bryan Trottier
70.6%
21-3-4-7Phil Bourque
68.9%
14-3-0-3Bob Errey
66.1%
Stats Last name % Correct
19-0-4-4Jim Paek
62.8%
1-0-0-0Ken Wregget
62.8%
21-4-5-9Troy Loney
60%
21-1-7-8Paul Stanton
50.6%
21-0-2-2Jiri Hrdina
48.3%
5-0-0-0Jay Caufield
47.8%
19-0-2-2Gordie Roberts
43.3%
10-0-0-0Grant Jennings
39.4%
19-2-7-9Shawn McEachern
36.1%
5-1-0-1Mike Needham
22.8%
12-1-3-4Jock Callander
18.9%
7-1-1-2Dave Michayluk
11.1%

You're not logged in!

Compare scores with friends on all Sporcle quizzes.
OR
Log In

Sporcle TV

Today on Sporcle TV


Watch our educational content, quiz creation guides, and fun videos on Sporcle TV.

Show Comments

Extras

Top Quizzes Today


Score Distribution

Your Account Isn't Verified!

In order to create a playlist on Sporcle, you need to verify the email address you used during registration. Go to your Sporcle Settings to finish the process.

Report this User

Report this user for behavior that violates our Community Guidelines.

Details: